Statistics for United States Assassinations

Click here to take the quiz!

General Stats

  • This quiz has been taken 146 times
  • The average score is 10 of 17

Answer Stats

Known ForAssassinYearPlaceAnswer% Correct
U.S. PresidentJohn Wilkes Boothe1863Washington, D.C.Abraham Lincoln
98%
U.S. PresidentThe entry below1963Dallas, TXJohn F. Kennedy
98%
Civil rights activistJames Earl Ray1968Memphis, TNMartin Luther King, Jr.
95%
Presidential candidateSirhan Sirhan1968Los Angeles, CARobert F. Kennedy
95%
SingerMark David Chapman1980New York City, NYJohn Lennon
88%
U.S. PresidentLeon Czolgosz1901Buffalo, NYWilliam McKinley
84%
U.S. PresidentCharles Guiteau1881Washington, D.C.James A. Garfield
81%
Black activistMultiple1965New York City, NYMalcolm X
81%
Presidential assassinJack Ruby1963Dallas, TXLee Harvey Oswald
77%
San Francisco city supervisorDan White1978San Francisco, CAHarvey Milk
58%
Governor of LouisianaCarl Weiss1935Baton Rouge, LAHuey Long
53%
Civil rights activistByron de la Beckwith1963Jackson, MSMedgar Evers
35%
California CongressmanMultiple1978Jonestown, GuyanaLeo Ryan
23%
Civil rights activistsMultiple1964Philadelphia, MSAndrew Goodman
19%
American Nazi Party founderJohn Patler1967Arlington, VAGeorge Lincoln Rockwell
19%
Civil rights activistsJames Chaney
19%
Civil rights activistsMichael Schwerner
19%

Score Distribution

Percentile by Number Answered

Percent of People with Each Score

Your Score History

You have not taken this quiz